Normal view
MARC view
- Qureshi,Sabika & Zubair,Usama Bin
Entry Personal Name
001 - CONTROL NUMBER
- control field: 4964
003 - CONTROL NUMBER IDENTIFIER
- control field: NUST
005 - DATE AND TIME OF LATEST TRANSACTION
- control field: 20170925122151.0
008 - FIXED-LENGTH DATA ELEMENTS
- fixed length control field: 170925|| aca||aabn | a|a d
040 ## - CATALOGING SOURCE
- Original cataloging agency: NUST
- Transcribing agency: NUST
100 ## - HEADING--PERSONAL NAME
- Personal name: Qureshi,Sabika & Zubair,Usama Bin
670 ## - SOURCE DATA FOUND
- Source citation: Work cat.: (NUST): Qureshi,Sabika & Zubair,Usama Bin, An insight into how stock market responds to economic fundamentals: time series analysis from Pakistan data, 2013
